MDQL
is popping MORE tags! Check the
thread
!
Quizzes
Events
Quiz Creation
Community
Videos
Private Events
Remove Ads
Sign In
Join for FREE
Feedback
Dark Mode
Quiz Categories
Sports
Geography
Music
Movies
Television
Just For Fun
Miscellaneous
History
Literature
Language
Science
Gaming
Entertainment
Religion
Holiday
For Kids
Quiz Lab
Recent
Popular Today
Quiz Kudos Today
Editor Picks
Curator Picks
Quizzes by...
Day
Popularity
Type
Ratings
Length
Year
Community
Subscriptions
Recent Discussions
Orange Saloon
Badges
Playlists
Quests
Create
Leaderboards
Showdown
Live 5
Trivia Bingo
Activity
Puzzle Library
Sporcle Events
Private Events
Virtual Trivia
Globe League
Become a Host
Pub Owners
SporcleCon
Opinionation
Our Games
Videos
Blog
Mobile Apps
Partnerships
Remove Ads and Go Orange
Feedback
Sports
Athletes
MLB
NBA
NHL
NFL
Soccer
Sports Teams
WWE
NCAA
Football
Premier League
Basketball
Baseball
Hockey
Golf
Tennis
Cricket
Rugby
Auto Racing
Olympics
World Cup
Sports
Athletes
MLB
NBA
NHL
NFL
Soccer
Sports Teams
WWE
NCAA
Football
Premier League
Basketball
Baseball
Hockey
Golf
Tennis
Cricket
Rugby
Auto Racing
Olympics
World Cup
Random Quiz
Search Sporcle
×
Quiz Lab
Quiz Lab
Sports
MLB
Type in answers that appear in a list
Type in answers that appear in a list
Classic
Best Score? Go Orange.
MLB teams from their first 3 managers Stats
Can you name the MLB teams from their first three managers?
By
ShortyNJ
7m
30 Questions
101 Plays
101 Plays
101 Plays
Comments
Comments
Give Quiz Kudos
Give Quiz Kudos
-
- Ratings
hide this ad
More Info
Forced Order
Answers have to be entered in order
Answers have to be entered in order
Random Order
Randomize order of answers
Randomize order of answers
Replay
Link that replays current quiz
Next Quiz
Link to next quiz in quiz playlist
You Got
0%
They Got
Avg Score
37%
Avg Friend Score
Upgrade to see
Score Distribution
Jump to the score distribution portion of the page
Score
0/30
Timer
07:00
0
Plays Today
1st three managers
Team
% Correct
Buck Showalter, Bob Brenly, Al Pedrique
Arizona Diamondbacks
92.1%
Casey Stengel, Wes Westrum, Salty Parker
New York Mets
83.2%
Connie Mack, Earle Mack, Jimmy Dykes
Oakland Athletics
79.2%
Don Baylor, Jim Leyland, Buddy Bell
Colorado Rockies
77.2%
Larry Rothschild, Hal McRae, Lou Piniella
Tampa Bay Rays
59.4%
Al Spalding, Bob Ferguson, Cap Anson
Chicago Cubs
57.4%
Rene Lachemann, John Boles, Cookie Rojas
Florida Marlins
53.5%
Roy Hartsfield, Bobby Mattick, Bobby Cox
Toronto Blue Jays
53.5%
John McGraw, Wilbert Robinson, Clark Griffith
New York Yankees
44.6%
Preston Gomez, Don Zimmer, John McNamara
San Diego Padres
38.6%
Joe Gordon, Bob Lemon, Charlie Metro
Kansas City Royals
35.6%
Darrell Johnson, Maury Wills, Rene Lachemann
Seattle Mariners
35.6%
Mickey Vernon, Eddie Yost, Gil Hodges
Texas Rangers
33.7%
Gene Mauch, Karl Kuehl, Charlie Fox
Washington Nationals
32.7%
Bill Rigney, Lefty Phillips, Del Rice
Los Angeles Angels of Anaheim
31.7%
1st three managers
Team
% Correct
Jimmy Collins, Chick Stahl, George Huff
Boston Red Sox
30.7%
Joe Schultz, Dave Bristol, Roy McMillan
Milwaukee Brewers
27.7%
Harry Craft, Lum Harris, Grady Hatton
Houston Astros
26.7%
Clark Griffith, Nixey Callahan, Fielder Jones
Chicago White Sox
24.8%
John Clapp, Jim Price, Monte Ward
San Francisco Giants
24.8%
Harry Wright, John Morrill, Jack Burdock
Atlanta Braves
20.8%
George Stallings, Frank Dwyer, Ed Barrow
Detroit Tigers
18.8%
Bob Ferguson, Blondie Purcell, Harry Wright
Philadelphia Phillies
18.8%
Ned Cuthbert, Ted Sullivan, Charlie Comiskey
St. Louis Cardinals
18.8%
Hugh Duffy, Jimmy McAleer, Jack O'Connor
Baltimore Orioles
17.8%
Pop Snyder, Will White, Ollie Caylor
Cincinnati Reds
17.8%
Jimmy McAleer, Bill Armour, Bill Bradley
Cleveland Indians
16.8%
George Taylor, Charles Hackett, Charlie Byrne
Los Angeles Dodgers
16.8%
Al Pratt, Ormond Butler, Joe Battin
Pittsburgh Pirates
15.8%
Jim Manning, Tom Loftus, Malachi Kittridge
Minnesota Twins
12.9%
Quiz Playlist
Details
Report
Send in Message
Add To Playlist
More Info:
First coaches are listed per franchise (not per city).
Classic:
Type in answers that appear in a list
Forced Order:
Answers have to be entered in order
Random Order:
Randomize order of answers
Quiz Source
Last Updated: Feb 16, 2017
Quiz Scoreboard
CHALLENGE
Sign Up to Join the Scoreboard
Show All
Scores
Hide
Comments
May contain spoilers
Recently Published
5x2 Blitz: Bands
by SL_Kpop136
Music
30s
Colored Red Africa Blitz
by spor1
Geography
30s
Find the 'City' Movie
by crazypaving
Movies
60s
More to Explore
Quiz From the Vault
Featured Blog Post
14 Easter Pick-up Lines to Find Eggs With
hide this ad
You Might Also Like...
Tags
Baseball Quiz
MLB Quiz
Manager
team
three
Today's Top Quizzes in Sports
Browse Sports
hide this ad
Today's Top Quizzes in MLB
Browse MLB
Top Contributed Quizzes in Sports
1
Players with Multiple 50 Home Run Seasons
2
Who Needs Fielders?
3
Criteria MLB: Left Handed Sluggers
4
MLB Players with Two .350 Batting Average Seasons
5
Who Hit More Homers?
6
2020 F1 Drivers Logic Puzzle
7
NBA Teammate Connections
8
Premier League Clubs since 2000 (minefield)
9
MLB Teams by First Game
10
Top 10 NHL Goal Scorers of All Time
Explore More
Trending Topics
Harry Potter
Marvel
Kpop
Anime
NBA
Disney
Crossword
Song
WWE
Country
Soccer
NFL
The Office
Pokémon
Puzzle
hide this ad
More By:
ShortyNJ
Quiz
Plays
Rating
Category
Featured
Created
Seven-Letter Things
54,107
4.40
Miscellaneous
Jun 5, 2010
Samuel L. Jackson (A-Z)
27,991
4.16
Movies
Feb 23, 2012
The REAL Jersey Shore
731
4.50
Geography
Dec 10, 2010
John Wayne's ABCs
379
5.00
Movies
Feb 23, 2012
Bruce Willis' ABCs
351
3.88
Movies
Feb 23, 2012
Go to Creator's Profile
Score Distribution
Quiz Creator Spotlight
ShortyNJ
Follow
Send a Message
Quizzes Created
-
Created Quiz Play Count
-
More By This Creator
Popular Quizzes Today
1
Find the 'City' Movie
2
5x2 Blitz: Bands
3
Colored Red Africa Blitz
4
Find the US States - No Outlines Minefield
5
The Countries of the World
6
Find the US States
7
9x9 Crossword: Cartoon Network
8
US States
More Sports Quizzes
WCW Four Horsemen
Published
Trending Quizzes
Colored Red Europe Blitz I
Colored Red Africa Blitz II
Colored Red Europe Blitz III
Colored Red Europe Blitz II
Colored Red Africa Blitz III
Recently Updated
Champions League XIs: Real Madrid
pecheneg
Largest US Cities 1790-2010
pecheneg
Rides in Walt Disney World
pecheneg
Most Oscar Losses (Acting)
pecheneg
Beyoncé Albums
pecheneg
Leaping Animals
pecheneg
Reality TV Shows (A-Z)
bhenderson79
Rickey Henderson's Hall of Fame Teammates
pecheneg
Champions League XIs: Arsenal
pecheneg
Quick Pick: Celebrities in WWE's Hall of Fame
aduchscher
Trending Topics
Kpop
Marvel
Anime
Disney
Crossword
Harry Potter
NBA
The Office
Country
Song
Pokémon
Puzzle
WWE
NFL
Soccer
Your Account Isn't Verified!
In order to create a playlist on Sporcle, you need to verify the email address you used during registration. Go to your
Sporcle Settings
to finish the process.
Report this User
Report this user for behavior that violates our
Community Guidelines
.
Details:
Send Report
Go to the Sporcle.com Mobile Site →
Comments